| 000 | 01385nmm a2200313 a 4500 | ||
|---|---|---|---|
| 001 | 0000019271 | ||
| 003 | CO-CtgCURN | ||
| 005 | 20250329174158.0 | ||
| 007 | co cga---uuuuu | ||
| 008 | 160627s2001 i eng d | ||
| 020 | _a9701030249 | ||
| 040 |
_aCO-CtgCURN _bspa _ccoctgcurn |
||
| 082 | 0 |
_a005.432 _bM491 |
|
| 100 | 1 | _aMedinets, David. | |
| 245 | 1 | 0 |
_aHerramientas de programacion para el shell de Unix _h[electronic resource] / _cDavid Medinets , traducción Roberto Valero Valdes. |
| 260 |
_aMexico : _bMcGraw Hill Interamericana, _c2001. |
||
| 300 | _axix, 568 p.+ 1 Cd - Rom. | ||
| 336 | _2rdacontent | ||
| 337 |
_2rdamedia _asin mediacion _bn |
||
| 338 |
_2rdacarrier _avolumen _bnc |
||
| 500 | _aIncluye apendice: Recursos en internet.--La tabla ASCII\Traducción de la obra: Unix shell programming tools. | ||
| 505 | 8 | _aJuegue con los shells.--Variables y operadores.--Procedimiento.--Comandos de ejecucion de script.--Control de shell.--Empleo de perl.--Comparacion de patrones.--Examen de herramientas.--Concepto de depuracion | |
| 650 | 0 | _aUNIX (Lenguaje de programacion de computadores) | |
| 700 | 1 |
_aValero Valdes, Roberto, _eTraductor. |
|
| 908 | _a160627 | ||
| 942 |
_cBK _h005.432 _iM491 _2ddc |
||
| 999 |
_c8787 _d8787 |
||